Thor Movies - Statistics

General Stats
  • This quiz has been taken 64 times
  • The average score is 7 of 8
Answer Stats
Year Chris Hemsworth % Correct
2017 Thor: Ragnarok
98%
2011 Thor
96%
2012 The Avengers
92%
2018 Avengers: Infinity War
86%
2019 Avengers: Endgame
84%
2013 Thor: The Dark World
84%
2015 Avengers: Age of Ultron
82%
2022 Thor: Love and Thunder
82%
No matching quizzes found
Score Distribution
Percent of People with Each Score
Percentile by Number Answered
Your Score History
You have not taken this quiz